[Event "SRB-chT2 South"]
[Site "Nis"]
[Date "2013.10.17"]
[Round "1.5"]
[White "Nikolic, Vojislav B"]
[Black "Blazic, Ivica"]
[Result "0-1"]
[WhiteElo "1922"]
[BlackElo "2025"]
[PlyCount "114"]
[EventDate "2013.10.17"]
[EventType "team-swiss"]
[EventRounds "8"]
[EventCountry "SRB"]
[SourceTitle "EXT 2014"]
[Source "ChessBase"]
[SourceDate "2013.11.20"]
[SourceVersion "1"]
[SourceVersionDate "2013.11.20"]
[SourceQuality "1"]

1. e4 e5 2. Nf3 Nc6 3. d4 exd4 4. Nxd4 Bc5 5. Be3 Qf6 6. c3 Nge7 7. Bc4 Ne5 8. Be2 Qg6 9. 0-0 0-0 10. Nf5 Nxf5 11. Bxc5 Nh4 12. g3 d6 13. Bd4 Bh3 14. Bxe5 dxe5 15. f3 Qb6+ 16. Rf2 Qxb2 17. Nd2 Rad8 18. Qc1 Rxd2 19. Qxb2 Rxb2 20. gxh4 Rd8 21. Bf1 Rxf2 22. Kxf2 Bxf1 23. Rxf1 Rd2+ 24. Ke3 Rxa2 25. Rd1 h6 26. Rd7 Rb2 27. Rxc7 a5 28. Rc5 b5 29. Rxe5 Kf8 30. Rc5 g6 31. Rc7 a4 32. Rb7 a3 33. Ra7 a2 34. Kd4 Rxh2 35. Kc5 Rb2 36. f4 Rb3 37. Rxa2 Rxc3+ 38. Kd4 Rh3 39. Ke5 Rxh4 40. f5 gxf5 41. exf5 Rc4 42. f6 Rc8 43. Rh2 h5 44. Kd6 Re8 45. Rxh5 Re6+ 46. Kc5 Rxf6 47. Kxb5 Rd6 48. Kc5 Rd1 49. Rd5 Rxd5+ 50. Kxd5 Kg7 51. Ke4 Kg6 52. Ke5 Kg5 53. Ke4 Kg4 54. Ke3 f5 55. Kf2 Kf4 56. Ke2 Kg3 57. Kf1 Kf3 0-1

[Event "SRB-chT2 East CS"]
[Site "Serbia"]
[Date "2011.10.15"]
[Round "9.44"]
[White "Tosic, Branislav"]
[Black "Nikolic, Vojislav B"]
[Result "1-0"]
[WhiteElo "2244"]
[BlackElo "1962"]
[PlyCount "75"]
[EventDate "2011.09.11"]
[EventType "team"]
[EventRounds "11"]
[EventCountry "SRB"]
[SourceTitle "EXT 2015"]
[Source "ChessBase"]
[SourceDate "2014.11.20"]
[SourceVersion "1"]
[SourceVersionDate "2014.11.20"]
[SourceQuality "1"]

1. d4 Nf6 2. c4 c6 3. Nf3 d5 4. Nc3 e6 5. g3 Bd6 6. Bg2 0-0 7. 0-0 Nbd7 8. Nd2 Re8 9. e4 Nxe4 10. Ndxe4 dxe4 11. Nxe4 Be7 12. Be3 Nf6 13. Nc3 Qa5 14. a3 Rd8 15. Qe2 Qc7 16. Bf4 Bd6 17. Bg5 Be7 18. Rfd1 h6 19. Be3 b6 20. Bf4 Bd6 21. Nb5 cxb5 22. Bxd6 Rxd6 23. Bxa8 bxc4 24. Bg2 b5 25. Qe5 Qd7 26. Rac1 Nd5 27. a4 a6 28. axb5 axb5 29. Ra1 Nb6 30. Ra5 b4 31. Qc5 b3 32. h3 g6 33. Rda1 Qd8 34. Rb5 Kh7 35. Ra7 Kg7 36. Rc7 Na4 37. Qe5+ Kg8 38. Rxc8 1-0

[Event "SRB-chT2 East"]
[Site "Serbia"]
[Date "2010.09.12"]
[Round "1"]
[White "Nikolic, Vojislav B"]
[Black "Pejcic, Milutin"]
[Result "1/2-1/2"]
[WhiteElo "1933"]
[BlackElo "2172"]
[PlyCount "92"]
[EventDate "2010.09.11"]
[EventType "team"]
[EventRounds "11"]
[EventCountry "SRB"]
[SourceTitle "EXT 2012"]
[Source "ChessBase"]
[SourceDate "2011.11.24"]
[SourceVersion "1"]
[SourceVersionDate "2011.11.24"]
[SourceQuality "1"]

1. e4 c5 2. Nf3 e6 3. d4 cxd4 4. Nxd4 Nc6 5. a3 a6 6. Nc3 Qc7 7. Be2 Nf6 8. 0-0 Nxd4 9. Qxd4 Bd6 10. h3 b5 11. Bg5 Be5 12. Qe3 Bb7 13. Bf3 Rc8 14. Rfd1 h6 15. Bxf6 Bxf6 16. Rd3 0-0 17. Rad1 Bc6 18. g3 Rfe8 19. Bg2 d5 20. exd5 exd5 21. Qd2 d4 22. Ne2 Bxg2 23. Kxg2 Qc6+ 24. Kg1 Qxc2 25. Nxd4 Qxd2 26. R3xd2 Red8 27. Nf5 Rxd2 28. Rxd2 Rc1+ 29. Kg2 Rb1 30. b4 Rb3 31. Ra2 Rb2 32. Rxb2 Bxb2 33. Ne3 Bxa3 34. Nd5 f5 35. Kf3 Kf7 36. g4 fxg4+ 37. hxg4 g6 38. Ke4 h5 39. gxh5 gxh5 40. Kf5 Bc1 41. Nc7 Ke7 42. Nxa6 Kd6 43. Nc5 Kd5 44. Na6 Kc4 45. Nc7 Kxb4 46. Nxb5 Kxb5 1/2-1/2